<?xml version="1.0" encoding="UTF-8"?>
<record
    xmlns:xsi="http://www.w3.org/2001/XMLSchema-instance"
    xsi:schemaLocation="http://www.loc.gov/MARC21/slim http://www.loc.gov/standards/marcxml/schema/MARC21slim.xsd"
    xmlns="http://www.loc.gov/MARC21/slim">

  <leader>00431nam a22001457a 4500</leader>
  <controlfield tag="005">20180814124957.0</controlfield>
  <datafield tag="020" ind1=" " ind2=" ">
    <subfield code="c">00.00</subfield>
    <subfield code="a">817018813X</subfield>
  </datafield>
  <datafield tag="035" ind1=" " ind2=" ">
    <subfield code="a">A-759312, A-759311, A-759314</subfield>
  </datafield>
  <datafield tag="037" ind1=" " ind2=" ">
    <subfield code="a">DPL</subfield>
    <subfield code="b">ENG</subfield>
  </datafield>
  <datafield tag="100" ind1=" " ind2=" ">
    <subfield code="a">Raina, B.L.</subfield>
  </datafield>
  <datafield tag="245" ind1=" " ind2=" ">
    <subfield code="a">Vedanta :</subfield>
    <subfield code="b">What can it teach? /</subfield>
    <subfield code="c">by B.L. Raina</subfield>
  </datafield>
  <datafield tag="260" ind1=" " ind2=" ">
    <subfield code="a">Delhi</subfield>
    <subfield code="b">B.R. Publishing Corporation</subfield>
    <subfield code="c">1995</subfield>
  </datafield>
  <datafield tag="300" ind1=" " ind2=" ">
    <subfield code="a">xvii, 222p.</subfield>
    <subfield code="c">18 cms.</subfield>
  </datafield>
  <datafield tag="942" ind1=" " ind2=" ">
    <subfield code="2">ddc</subfield>
    <subfield code="c">EN</subfield>
    <subfield code="h">181.45</subfield>
    <subfield code="m">RAI</subfield>
  </datafield>
  <datafield tag="999" ind1=" " ind2=" ">
    <subfield code="c">64073</subfield>
    <subfield code="d">64073</subfield>
  </datafield>
  <datafield tag="952" ind1=" " ind2=" ">
    <subfield code="0">0</subfield>
    <subfield code="1">0</subfield>
    <subfield code="4">0</subfield>
    <subfield code="7">0</subfield>
    <subfield code="8">NFIC</subfield>
    <subfield code="a">ZLS</subfield>
    <subfield code="b">ZLS</subfield>
    <subfield code="d">2012-03-16</subfield>
    <subfield code="g">0.00</subfield>
    <subfield code="l">0</subfield>
    <subfield code="o">181.45 RAI</subfield>
    <subfield code="p">A-759312</subfield>
    <subfield code="r">2012-03-16 00:00:00</subfield>
    <subfield code="v">0.00</subfield>
    <subfield code="w">2012-03-16</subfield>
    <subfield code="y">EN</subfield>
  </datafield>
  <datafield tag="952" ind1=" " ind2=" ">
    <subfield code="0">0</subfield>
    <subfield code="1">0</subfield>
    <subfield code="4">0</subfield>
    <subfield code="7">0</subfield>
    <subfield code="8">NFIC</subfield>
    <subfield code="a">BL1</subfield>
    <subfield code="b">BL1</subfield>
    <subfield code="d">2018-08-04</subfield>
    <subfield code="e">BPPD/PUB</subfield>
    <subfield code="g">225.00</subfield>
    <subfield code="l">0</subfield>
    <subfield code="o">181.45 RAI</subfield>
    <subfield code="p">A-759311</subfield>
    <subfield code="r">2018-08-04 00:00:00</subfield>
    <subfield code="v">225.00</subfield>
    <subfield code="w">2018-08-04</subfield>
    <subfield code="y">EN</subfield>
  </datafield>
  <datafield tag="952" ind1=" " ind2=" ">
    <subfield code="0">0</subfield>
    <subfield code="1">0</subfield>
    <subfield code="4">0</subfield>
    <subfield code="7">0</subfield>
    <subfield code="8">NFIC</subfield>
    <subfield code="a">BL4</subfield>
    <subfield code="b">BL4</subfield>
    <subfield code="d">2018-08-11</subfield>
    <subfield code="e">BPPD/PUB</subfield>
    <subfield code="g">0.00</subfield>
    <subfield code="l">0</subfield>
    <subfield code="o">181.45 RAI</subfield>
    <subfield code="p">A-759314</subfield>
    <subfield code="r">2018-08-11 00:00:00</subfield>
    <subfield code="v">0.00</subfield>
    <subfield code="w">2018-08-11</subfield>
    <subfield code="y">EN</subfield>
  </datafield>
</record>
